000 00575nam a22002417a 4500
003 UA-OsUOA
001 27843
007 ta
008 20040915b un ||||| |||| 00| 0 ukr d
100 _aФедь Н. М.
090 _a792.22
_bФ32
942 _cBK
040 _aUA-OsUOA
_brus
_cUA-OsUOA
_dUA-OsUOA
245 _aИскусство комедии или мир сквозь смех
300 _a216 с.
955 _a0
041 _arus
080 _a792.22
260 _aМосква
_bНаука
_c1978
044 _aRU
650 7 _2UDC
999 _c314195
_d314195